000 00279nam a2200109 4500
008 160629b xxu||||| |||| 00| 0 eng d
100 _91377
_a Johri, B.M., et al
245 _aGlimpses of Plant Life
260 _aNCERT
_c2001
300 _aGlimpses of Plant Life
942 _2ddc
_cBK
999 _c1135
_d1135